মুক্তিযুদ্ধে মাধবপুর / (Record no. 26150)

MARC details
000 -LEADER
fixed length control field 00816nam a22001937a 4500
003 - CONTROL NUMBER IDENTIFIER
control field BDDh-ASL
005 - DATE AND TIME OF LATEST TRANSACTION
control field 20231015030615.0
008 - FIXED-LENGTH DATA ELEMENTS--GENERAL INFORMATION
fixed length control field 210930b2017 b ||||| |||| 00| 0 b d
040 ## - CATALOGING SOURCE
Transcribing agency BDDh-ASL
082 ## - DEWEY DECIMAL CLASSIFICATION NUMBER
Classification number 954.9205
Item number TAM
100 1# - MAIN ENTRY--PERSONAL NAME
9 (RLIN) 4660
Personal name তালুকদার, মুহম্মদ সায়েদুর রহমান
245 10 - TITLE STATEMENT
Title মুক্তিযুদ্ধে মাধবপুর /
246 ## - VARYING FORM OF TITLE
Title proper/short title Mukjudde Madabpur
260 ## - PUBLICATION, DISTRIBUTION, ETC.
Place of publication, distribution, etc. হবিগঞ্জ:
Name of publisher, distributor, etc. বাংলাদেশ মুক্তিযোদ্ধা সংসদ,
Date of publication, distribution, etc. ২০১৭।
300 ## - PHYSICAL DESCRIPTION
Extent ৩১২ পৃষ্ঠা, :
Dimensions ২২ সে. মি.
504 ## - BIBLIOGRAPHY, ETC. NOTE
Bibliography, etc. note গ্রন্থপঞ্জি সংযুক্ত ।
650 #0 - SUBJECT ADDED ENTRY--TOPICAL TERM
9 (RLIN) 2813
Topical term or geographic name entry element Liberation War
Geographic subdivision Madabpur (মাধবপুর)
942 ## - ADDED ENTRY ELEMENTS (KOHA)
Source of classification or shelving scheme Dewey Decimal Classification
Koha item type Books
Holdings
Withdrawn status Lost status Source of classification or shelving scheme Damaged status Not for loan Collection code Home library Current library Shelving location Date acquired Source of acquisition Total Checkouts Full call number Barcode Date last seen Copy number Price effective from Koha item type
    Dewey Decimal Classification     Non-fiction Asiatic Society Library Asiatic Society Library Liberation War Collection 09/30/2021 ASB Collection   954.9205 TAM 112121 09/30/2021 C-1 09/30/2021 Books
    Dewey Decimal Classification     Non-fiction Asiatic Society Library Asiatic Society Library Liberation War Collection 09/30/2021 ASB Collection   954.9205 TAM 112122 09/30/2021 C-2 09/30/2021 Books
    Dewey Decimal Classification     Non-fiction Asiatic Society Library Asiatic Society Library Liberation War Collection 09/30/2021 ASB Collection   954.9205 TAM 112123 09/30/2021 C-3 09/30/2021 Books
    Dewey Decimal Classification     Non-fiction Asiatic Society Library Asiatic Society Library Liberation War Collection 10/11/2021 Complementary   954.9205 TAM 112528 10/11/2021 C-4 10/11/2021 Books
    Dewey Decimal Classification     Non-fiction Asiatic Society Library Asiatic Society Library Liberation War Collection 10/11/2021 Complementary   954.9205 TAM 112529 10/11/2021 C-5 10/11/2021 Books

Powered by Koha